Những bí ẩn của thế giới động vật

Salvato in:
Dettagli Bibliografici
Autore principale: Lê Quốc Hưng
Natura: Libro
Lingua:Undetermined
Pubblicazione: Hà Nội Phụ Nữ 2000
Soggetti:
Tags: Aggiungi Tag
Nessun Tag, puoi essere il primo ad aggiungerne! !
Thư viện lưu trữ: Trung tâm Học liệu Trường Đại học Cần Thơ
LEADER 00553nam a2200193Ia 4500
001 CTU_39645
008 210402s9999 xx 000 0 und d
020 |b 34.000đ 
082 |a 500 
082 |b H556 
100 |a Lê Quốc Hưng 
245 0 |a Những bí ẩn của thế giới động vật 
245 0 |c Lê Quốc Hưng 
260 |a Hà Nội 
260 |b Phụ Nữ 
260 |c 2000 
650 |a knowledge,science,zoology 
904 |i Minh, 001128 
980 |a Trung tâm Học liệu Trường Đại học Cần Thơ